| 000 | 01172nam0a22002771 4500 | ||
|---|---|---|---|
| 001 | v19\rc\1314436 | ||
| 005 | 20250618033806.0 | ||
| 035 | _a(NLR Aleph) 004470476 | ||
| 090 |
_a4559668 _c4559668 |
||
| 100 | _a20060512e19001900|||y0rusy50 ca | ||
| 101 | 0 | _arus | |
| 102 | _aRU | ||
| 105 | _ay z ||||| | ||
| 200 | 1 |
_aСлово в день Рождества пресвятые богородицы _eПроизнесено в храме Смол. Возн. жен. обители 8 сент. 1900 г. |
|
| 210 |
_aСмоленск _cтип. Я.Н. Подземского _d[1900] |
||
| 215 |
_a5 с. _d22 |
||
| 300 | _aВ конце текста авт.: прот. Василий Белавенцев | ||
| 309 | _aБез тит. л. и обл. | ||
| 311 | _aИз № 20 Смол. епарх. ведом. за 1900 г. | ||
| 488 | 0 |
_12001#$aСмоленские епархиальные ведомости$v1900, № 20 _tСмоленские епархиальные ведомости |
|
| 700 | 1 |
_aБелавенцев _bВ. _gВасилий |
|
| 801 | 0 |
_aRU _bNLR _gpsbo |
|
| 801 | 1 |
_aRU _bProSoft-M _2rusmarc |
|
| 852 |
_aNLR _j20.54.1.178 |
||
| 942 | _cBOOK | ||
| 980 | _aNB | ||